Uxa, ora fada, ora bruxa (Record no. 141067)

MARC details
000 -LÍDER
campo de controle de tamanho fixo 00448 a2200181 4500
001 - NÚMERO DE CONTROLE
campo de controle 141067
040 ## - FONTE DA CATALOGAÇÃO
Instituição que transcreveu o registro Leonardo Da Vinci
041 ## - CÓDIGO DE IDIOMA
Código do idioma do texto/trilha sonora ou título diferente Português
082 ## - CDD - CLASSIFICAÇÃO DECIMAL DE DEWEY
Número de Classificação I O88u
Número do exemplar O88u
100 ## - ENTRADA PRINCIPAL--NOME PESSOAL
Nome pessoal ORTHOF, Sylvia
245 ## - TÍTULO
Título Uxa, ora fada, ora bruxa
250 ## - EDIÇÃO
Edição 6.ed
260 ## - PUBLICAÇÃO, DISTRIBUIÇÃO, ETC.
Nome do editor, distribuidor, etc. Nova Fronteira
Data da publicação, distribuição, etc. 1985
Local de publicação, distribuição, etc. Rio de Janeiro
362 ## - DATAS DE PUBLICAÇÃO E/OU DESIGNAÇÃO SEQUENCIAL
Datas de publicação e/ou designação sequencial 19850000
500 ## - NOTA GERAL
Nota geral Tato (Ilustração)
697 ## - ENTRADA DE ASSUNTO LOCAL--ENTIDADE COLETIVA (RLIN)
Nome corporativo ou nome da jurisdição Literatura infantil
-- Bruxa
-- Fada
-- Conto
942 ## - ELEMENTOS DE ENTRADA ADICIONADOS (KOHA)
Tipo de material Koha Livros
Holdings
Situação do descarte Situação das perdas Situação física Não pode ser emprestado Biblioteca de origem Biblioteca atual Data de aquisição Total de empréstimos Número de chamada completo Código de barras Data de último acesso Data do preço efetivo Tipo de material Koha
        Leonardo Da Vinci - Osasco Leonardo Da Vinci - Osasco 27/03/2024   I O88u O002887 27/03/2024 27/03/2024 Livros